| 000 | 00629nam a2200145Ia 4500 | ||
|---|---|---|---|
| 008 | 170221s9999 xx 000 0 und d | ||
| 100 | _aSvetlana Sergeevna Nosova | ||
| 245 | _aAnalysis of the Factors Affecting the Development of Economic Culture of a Family in the Russian Federation Based on Experience of Developed Countries | ||
| 245 | _cSvetlana Sergeevna Nosova, Rafael Envarovich Abdulov, Yulia Mihailovna Medvedeva | ||
| 260 | _bInternational Review of Management and Marketing | ||
| 260 | _cMarch 2016 | ||
| 300 | _a5:1 | ||
| 650 | _xMarketing. | ||
| 856 | _uhttp://www.econjournals.com/index.php/irmm/issue/view/75 | ||
| 999 |
_c310006 _d310006 |
||